|
|
|
|
| LEADER |
00000nab a2200000uu 4500 |
| 001 |
vtls011492939 |
| 003 |
SK-MaSNL |
| 005 |
20260303105536.0 |
| 008 |
230121|1974 xo |||||||||||||||||cze| |
| 015 |
|
|
|a SNBRB
|
| 035 |
|
|
|a (urnnbn)urn:nbn:sk:snk:ar-007obz
|
| 035 |
|
|
|a (uuid)7da50994-084d-4ee7-b5f4-8e4d1bd0af71
|
| 035 |
|
|
|a urn:nbn:sk:snk-abdhk6
|
| 040 |
|
|
|a SNKBUCL
|b slo
|c SNKBUCL
|e AACR2
|
| 041 |
0 |
|
|a cze
|
| 044 |
|
|
|a xo
|c SK
|
| 100 |
1 |
|
|a Glos, Z.
|4 aut
|9 1120939
|
| 245 |
1 |
0 |
|a DOUGLASOSKOPIE PŘI BOLESTECH V PODBŘIŠÍ A V OBLASTI MALÉ PÁNVE
|c Z. Glos
|
| 773 |
0 |
|
|t Lekársky obzor : odborný časopis Slovenskej zdravotníckej univerzity v Bratislave
|g Roč. 23, č. 1 (1974), s. 35-36
|
| 954 |
|
|
|a odborná, vedecká literatúra cudzojazyčná (svetová)
|2 lita
|
| 958 |
|
|
|a OND
|
| 958 |
|
|
|a EUIPO
|
| 958 |
|
|
|a article18
|
| 999 |
|
|
|c 1863613
|d 1865543
|